000 00632nam a2200229Ia 4500
003 OSt
005 20220925201215.0
006 a|||||r|||| 00| 0
007 ta
008 220923b |||||||| |||| 00| 0 eng d
037 _cGeneral Book
040 _aRTL
_cRTL
_beng
041 _2eng
_aeng
082 _aX:89Q1.2.N7, L8
100 _aEzekiel Hennan
_9259836
245 0 _aSecond India studies
_b Overview
260 _aDelhi
_bMacmillian India
_c1978
300 _a215p.
_ccm.
650 _aProduction Control
942 _hX:89Q1.2.N7, L8
_cGB
_2CC
999 _c539348
_d539348